Elisabeth (Record no. 175872)

MARC details
000 -LEADER
campo de control de longitud fija 00707nam a22001935i 4500
001 - NÚMERO DE CONTROL
campo de control 175872
003 - IDENTIFICADOR DE NÚMERO DE CONTROL
campo de control ES-MaACL
005 - FECHA Y HORA DE LA ÚLTIMA TRANSACCIÓN
campo de control 20230906215933.0
008 - DATOS DE LONGITUD FIJA--INFORMACIÓN GENERAL
campo de control de longitud fija 101126s1933 fr f |||| | fre d
080 ## - NÚMERO DE LA CLASIFICACIÓN DECIMAL UNIVERSAL
Número de la Clasificación Decimal Universal 929 Isabel (436)
100 1# - ENTRADA PRINCIPAL--NOMBRE DE PERSONA
Nombre de persona Tschuppik, Karl.
9 (RLIN) 144091
245 10 - MENCIÓN DEL TÍTULO
Título Elisabeth
Resto del título : impératrice d'Autriche : avec 8 gravures hors texte /
Mención de responsabilidad, etc. Karl Tschuppik ; traduit de l'allemand par Gabrielle Godet.
260 ## - PUBLICACIÓN, DISTRIBUCIÓN, ETC.
Lugar de publicación, distribución, etc. Paris :
Nombre del editor, distribuidor, etc. Plon,
Fecha de publicación, distribución, etc. imp. 1933.
300 ## - DESCRIPCIÓN FÍSICA
Extensión 241, [8] p. de lám. bl. y n. ;
Dimensiones 19 cm.
546 ## - NOTA DE IDIOMA
Nota de lengua/lenguaje Texto en francés.
600 04 - PUNTO DE ACCESO ADICIONAL DE MATERIA--NOMBRE DE PERSONA
Nombre de persona Isabel
Títulos y otros términos asociados al nombre Emperatriz consorte de Francisco José I, Emperador de Austria.
9 (RLIN) 65519
700 0# - ENTRADA AGREGADA--NOMBRE PERSONAL
Nombre de persona Godet, Gabrielle.
9 (RLIN) 57520
852 ## - LOCALIZACIÓN
Ubicación ES-MaACL
Número de control de estantería E-13694
Holdings
Estatus retirado Estado de pérdida Estado de daño No para préstamo Biblioteca de origen Biblioteca actual Ubicación en estantería Fecha de adquisición Fuente de adquisición Total de préstamos Signatura topográfica completa Código de barras Visto por última vez Precio de reemplazo Tipo de ítem Koha
        Biblioteca del Ateneo de Madrid Biblioteca del Ateneo de Madrid Depósito 2 26/11/2010     E-13694 1184687 23/02/2023 23/02/2023 Libro impreso